[Event "ESP-chT CECLUB Div2"]
[Site "Linares"]
[Date "2021.08.10"]
[Round "2.6"]
[White "Centron Antuna, Daniel"]
[Black "Carbonell Sancho, Marc"]
[Result "1-0"]
[WhiteElo "2235"]
[BlackElo "2276"]
[PlyCount "143"]
[EventDate "2021.08.09"]
[EventType "team-swiss"]
[EventRounds "7"]
[EventCountry "ESP"]
[SourceTitle "CBM 203 Extra"]
[Source "ChessBase"]
[SourceDate "2021.09.30"]
[SourceVersion "1"]
[SourceVersionDate "2021.09.30"]
[SourceQuality "1"]
[WhiteTeam "Covadonga Cultura"]
[BlackTeam "Xeraco CE"]
[WhiteTeamCountry "ESP"]
[BlackTeamCountry "ESP"]

1. d4 Nf6 2. Bf4 g6 3. Nc3 d5 4. e3 Bg7 5. h4 h5 6. Nf3 0-0 7. Be2 c5 8. Ne5 Nc6 9. Nxc6 bxc6 10. Be5 Qa5 11. dxc5 Qxc5 12. Qd4 Qxd4 13. exd4 Bf5 14. Ba6 Bc8 15. Bd3 Bh6 16. Bxf6 exf6 17. Na4 Rb8 18. b3 f5 19. c3 Rb7 20. Kd1 Re7 21. Re1 Rfe8 22. Rxe7 Rxe7 23. Kc2 f4 24. f3 Bg7 25. Kd2 Bf6 26. Rh1 Re8 27. b4 Bd8 28. Nc5 Kg7 29. Bc2 a5 30. Ba4 axb4 31. cxb4 Bf6 32. Bxc6 Re3 33. Nb3 Be7 34. Nc5 Bf6 35. Bxd5 Bxd4 36. Rc1 Re5 37. Nd3 Be3+ 38. Ke2 Ba6 39. Bc4 Re8 40. Rc2 Rc8 41. Nb2 Bd4 42. Kd3 Bxb2 43. Bxa6 Rxc2 44. Kxc2 Bf6 45. a4 Bxh4 46. Bc8 Kf6 47. Kd3 Ke5 48. Kc4 Kd6 49. Bb7 Be1 50. Bd5 g5 51. Bxf7 h4 52. Bh5 Kc6 53. Bg4 Kb6 54. a5+ Kc6 55. Kb3 Bd2 56. Ka4 Bc3 57. b5+ Kc5 58. Bf5 Bd2 59. b6 Bc3 60. Bd7 Be5 61. Kb3 Bf6 62. Kc2 Be5 63. Kd3 Bb8 64. Ke4 Bd6 65. Kf5 Be7 66. Ke6 Bd8 67. Kf7 g4 68. Bxg4 Kb5 69. Ke8 Bf6 70. Kd7 Be5 71. Kc8 Ka6 72. Bf5 1-0

[Event "ESP-chT CECLUB Div2"]
[Site "Linares"]
[Date "2020.08.24"]
[Round "1.1"]
[White "Lagarde, Maxime"]
[Black "Centron Antuna, Daniel"]
[Result "1-0"]
[WhiteElo "2657"]
[BlackElo "2206"]
[PlyCount "43"]
[EventDate "2020.08.24"]
[EventType "team-tourn"]
[EventRounds "6"]
[EventCountry "ESP"]
[SourceTitle "CBM 198 Extra"]
[Source "ChessBase"]
[SourceDate "2020.11.30"]
[SourceVersion "1"]
[SourceVersionDate "2020.11.30"]
[SourceQuality "1"]
[WhiteTeam "Barcelona CE"]
[BlackTeam "Covadonga Cultura"]
[WhiteTeamCountry "ESP"]
[BlackTeamCountry "ESP"]

1. c4 f5 2. d4 Nf6 3. Nc3 g6 4. h4 Bg7 5. h5 gxh5 6. Bg5 0-0 7. e3 b6 8. Nge2 Bb7 9. Nf4 Qe8 10. Ncd5 Nxd5 11. cxd5 h6 12. Bh4 c5 13. Be2 cxd4 14. Bxh5 Rf7 15. exd4 e5 16. dxe6 dxe6 17. 0-0 Nc6 18. d5 exd5 19. Re1 Qd7 20. Nxd5 Nd4 21. Ne7+ Rxe7 22. Rxe7 1-0

[Event "ESP-ch rapid"]
[Site "Linares"]
[Date "2019.08.24"]
[Round "5"]
[White "Centron Antuna, Daniel"]
[Black "Diaz Castro, Ismael"]
[Result "1-0"]
[WhiteElo "2187"]
[BlackElo "2234"]
[PlyCount "109"]
[EventDate "2019.08.24"]
[EventType "swiss (rapid)"]
[EventRounds "9"]
[EventCountry "ESP"]
[SourceTitle "EXT 2020"]
[Source "ChessBase"]
[SourceDate "2019.10.17"]
[SourceVersion "1"]
[SourceVersionDate "2019.10.17"]
[SourceQuality "1"]

1. Nf3 Nf6 2. d4 g6 3. c4 Bg7 4. Nc3 0-0 5. g3 d6 6. Bg2 c6 7. 0-0 Bf5 8. Qb3 Qb6 9. Nh4 Be6 10. d5 Qxb3 11. axb3 cxd5 12. cxd5 Bd7 13. e4 Na6 14. Bd2 Nc5 15. Ra3 b5 16. b4 Nd3 17. Rfa1 Nxb2 18. Rxa7 Rxa7 19. Rxa7 Nc4 20. Bg5 h6 21. Bxf6 Bxf6 22. Rxd7 Bxc3 23. Rb7 Ra8 24. Bf1 Ra1 25. Kg2 Nd2 26. Bxb5 Bxb4 27. Rxe7 Re1 28. Bd3 Kf8 29. Rb7 Bc5 30. Rb2 Nxe4 31. Nf3 Rd1 32. Bxe4 Ra1 33. g4 Ke7 34. Re2 Kf6 35. h4 g5 36. hxg5+ hxg5 37. Bf5 Rd1 38. Nd2 Bb4 39. Ne4+ Kg7 40. Nxg5 Rxd5 41. Ne4 Ra5 42. Rb2 Ba3 43. Rb7 d5 44. Ng5 Kf6 45. f4 Be7 46. Nh7+ Kg7 47. Rxe7 d4 48. Ng5 Ra2+ 49. Kg3 Ra3+ 50. Kh4 d3 51. Rxf7+ Kg8 52. Rd7 Ra4 53. Be6+ Kf8 54. Nh7+ Ke8 55. Nf6+ 1-0

[Event "ESP-ch rapid"]
[Site "Linares"]
[Date "2019.08.24"]
[Round "3"]
[White "Centron Antuna, Daniel"]
[Black "Lechuga Cabrero, Luis Miguel"]
[Result "1/2-1/2"]
[WhiteElo "2187"]
[BlackElo "2117"]
[PlyCount "74"]
[EventDate "2019.08.24"]
[EventType "swiss (rapid)"]
[EventRounds "9"]
[EventCountry "ESP"]
[SourceTitle "EXT 2020"]
[Source "ChessBase"]
[SourceDate "2019.10.17"]
[SourceVersion "1"]
[SourceVersionDate "2019.10.17"]
[SourceQuality "1"]

1. Nf3 Nf6 2. d4 e6 3. c4 d5 4. Nc3 Be7 5. Bg5 h6 6. Bh4 0-0 7. e3 b6 8. cxd5 Nxd5 9. Bxe7 Qxe7 10. Bd3 c5 11. 0-0 cxd4 12. Nxd5 exd5 13. Nxd4 Nd7 14. Bb5 Nf6 15. Bc6 Rb8 16. Bxd5 Nxd5 17. Nc6 Qc7 18. Rc1 Bb7 19. Nxb8 Qxb8 20. Qd4 Re8 21. Rfd1 Ba8 22. Qg4 Qe5 23. Rc8 Nf6 24. Rxe8+ Qxe8 25. Qd4 Qc6 26. f3 Bb7 27. e4 Qc2 28. Qd2 Qc5+ 29. Qf2 Qc4 30. b3 Qc3 31. Qd2 Qc5+ 32. Qd4 Qc2 33. Rd2 Qc1+ 34. Kf2 Bxe4 35. Rd1 Qc2+ 36. Rd2 Qc1 37. Rd1 Qf4 1/2-1/2

[Event "ESP-ch rapid"]
[Site "Linares"]
[Date "2019.08.24"]
[Round "2"]
[White "Santamaria Fernandez, Guillermo"]
[Black "Centron Antuna, Daniel"]
[Result "1/2-1/2"]
[WhiteElo "2177"]
[BlackElo "2187"]
[PlyCount "157"]
[EventDate "2019.08.24"]
[EventType "swiss (rapid)"]
[EventRounds "9"]
[EventCountry "ESP"]
[SourceTitle "EXT 2020"]
[Source "ChessBase"]
[SourceDate "2019.10.17"]
[SourceVersion "1"]
[SourceVersionDate "2019.10.17"]
[SourceQuality "1"]

1. Nf3 f5 2. d3 d5 3. e4 dxe4 4. dxe4 Qxd1+ 5. Kxd1 fxe4 6. Ng5 Nc6 7. Nxe4 Bf5 8. Ng3 0-0-0+ 9. Bd2 Bg6 10. Kc1 e5 11. Nc3 Nf6 12. h4 Nd4 13. Bd3 Bxd3 14. cxd3 Bc5 15. Nge4 Nxe4 16. dxe4 Rhf8 17. Be3 Ne6 18. Bxc5 Nxc5 19. f3 Nd3+ 20. Kc2 Nf4 21. Rhg1 Rf6 22. Rad1 Rxd1 23. Nxd1 Rh6 24. g3 Ne2 25. Rg2 Nd4+ 26. Kd3 Nxf3 27. Rf2 Rd6+ 28. Ke3 Nd4 29. Rf8+ Rd8 30. Rf7 Ne6 31. Nf2 Rd7 32. Rf5 Nd4 33. Rxe5 Nc2+ 34. Kf4 c6 35. Ng4 Nb4 36. Re8+ Kc7 37. Kf5 Rf7+ 38. Ke6 Rf3 39. Re7+ Kb6 40. Rxg7 Rxg3 41. h5 Nd3 42. h6 Nc5+ 43. Ke5 Nd3+ 44. Kf6 Nf4 45. e5 Rg2 46. e6 Re2 47. Ne5 Nd5+ 48. Kf5 Rf2+ 49. Ke4 Rf4+ 50. Kd3 Nb4+ 51. Kc3 Nd5+ 52. Kd2 Rd4+ 53. Kc2 Re4 54. Nd7+ Kb5 55. Nf8 Kc4 56. Kd2 Nf4 57. Rxb7 Rd4+ 58. Ke3 Nd5+ 59. Ke2 Re4+ 60. Kd2 Rd4+ 61. Ke2 Re4+ 62. Kf3 Rf4+ 63. Kg3 Rxf8 64. Rxh7 Nf6 65. Rxa7 Rh8 66. Kf4 Rxh6 67. Kg5 Ng8 68. Rg7 Rxe6 69. Rxg8 Re2 70. Rb8 Rf2 71. Kg6 c5 72. a4 Rf1 73. Rb5 Kd4 74. Kg5 c4 75. a5 c3 76. Rb4+ Kd3 77. bxc3 Kxc3 78. Rf4 Ra1 79. Rf5 1/2-1/2

[Event "ESP-ch rapid"]
[Site "Linares"]
[Date "2018.08.19"]
[Round "8"]
[White "Centron Antuna, Daniel"]
[Black "Suarez Uriel, Adrian"]
[Result "0-1"]
[WhiteElo "2231"]
[BlackElo "2391"]
[PlyCount "80"]
[EventDate "2018.08.19"]
[EventType "swiss (rapid)"]
[EventRounds "9"]
[EventCountry "ESP"]
[SourceTitle "CBM 186 Extra"]
[Source "ChessBase"]
[SourceDate "2018.08.24"]
[SourceVersion "1"]
[SourceVersionDate "2018.08.24"]
[SourceQuality "1"]

1. Nf3 Nf6 2. c4 g6 3. Nc3 Bg7 4. d4 d5 5. Bg5 Ne4 6. Bf4 Nxc3 7. bxc3 c5 8. e3 0-0 9. cxd5 Qxd5 10. Qb3 Be6 11. c4 Qd8 12. Rc1 Qa5+ 13. Qc3 Qxc3+ 14. Rxc3 Nc6 15. Rb3 cxd4 16. Rxb7 dxe3 17. Bxe3 Rab8 18. Rb5 a6 19. Rb6 Nb4 20. c5 Rfd8 21. Be2 Bc3+ 22. Kf1 Bxa2 23. Bf4 Rbc8 24. Be3 a5 25. g3 Nd5 26. Rb5 Nxe3+ 27. fxe3 Rd5 28. Kf2 Rdxc5 29. Rxc5 Rxc5 30. Rc1 Bb4 31. Rd1 Rc2 32. Rd8+ Kg7 33. Nd4 Rb2 34. Kf3 e5 35. Nc6 e4+ 36. Kf2 Bc4 37. Nd4 a4 38. Rc8 Bxe2 39. Nxe2 a3 40. Ra8 a2 0-1